000 00928nam0a22002531 4500
001 rc\3005831
005 20250806200814.0
035 _a(NLR Aleph) 007148728
090 _a3121
_c3121
100 _a20110921d1941 u y0rusy50 ca
101 0 _arus
102 _aRU
105 _aa z |||||
200 1 _aСвойства и термическая обработка рельсов
_eТр. Сиб. металлург. ин-та им. С. Орджоникидзе
_fГУУЗ НКЧМ СССР
210 _aСталинск
_cНауч.-техн. отдел Сиб металлург. ин-та
_d1941
215 _a431 с., 5 л. ил.
_cил.
_d23 см
320 _aБиблиогр. в конце статей
801 0 _aRU
_bNLR
_gpsbo
801 1 _aRU
_bELAR
_2rusmarc
852 _aNLR
_j83-5/1017
942 _cBOOK
945 _aРоссийская национальная библиотека
980 _aNB
980 _aBV